| 000 | 01284cam a22004094a 4500 | ||
|---|---|---|---|
| 005 | 20260322212051.0 | ||
| 008 | data | ||
| 010 | _a 2003042960 | ||
| 015 | _aGBA3-X1111 | ||
| 019 |
_a53211361 _a53211361 |
||
| 020 | _a0130493791 | ||
| 020 | _a9780130493798 | ||
| 040 |
_aDLC _cDLC _dIXA _dCOU _dOCLCQ _dUKM _dIXA |
||
| 041 | 0 | 9 | _aeng |
| 042 |
_anlmcopyc _anlmcopyc |
||
| 043 | _an-us--- | ||
| 044 | _9United States | ||
| 049 | _aNLMM | ||
| 050 | 0 | 0 |
_aRA418.5.T73 _bS64 2004 |
| 060 | 0 | 0 |
_aWA 30 _bS741c 2004 |
| 082 | 0 | 0 |
_a362.1/0425 _221 |
| 092 | _a362.10425 S7 2004 | ||
| 100 | 1 |
_aSpector, Rachel E., _d1940- |
|
| 245 | 1 | 0 |
_aCultural diversity in health & illness / _cRachel E. Spector. |
| 246 | 3 | _aCultural diversity in health and illness | |
| 250 | _a6th ed. | ||
| 260 |
_aUpper Saddle River, N.J. : _bPearson Prentice Hall, _cc2004. |
||
| 300 |
_axviii, 375 p. : _bill. ; _c23 cm. |
||
| 504 | _aIncludes bibliographical references (p. 343-363) and index. | ||
| 650 | 1 | 2 |
_aCultural Diversity _zUnited States |
| 650 | 2 | 2 |
_aHealth Status _zUnited States |
| 650 | 2 | 2 |
_aDelivery of Health Care _zUnited States |
| 650 | 2 | 2 |
_aAttitude to Health _xethnology _zUnited States |
| 650 | 2 | 2 |
_aAttitude of Health Personnel _zUnited States |
| 994 |
_aCDN _b20031204 |
||
| 001 | data | ||
| 999 |
_c1218 _d1218 |
||